000 01696nam a22004337a 4500
001 2052962
003 OSt
005 20210426111552.0
008 931118s1994 nyua b 001 0beng
010 _a 93044519
020 _a0671880748
040 _aDLC
_cDLC
_dDLC
_beng
041 _aeng
043 _an-us---
050 0 0 _aHD9696.C62
_bG336 1994
080 _a92
_bM-24
082 0 0 _a338.7/610053/092
_aB
_220
100 1 _aManes, Stephen,
_d1949-
245 1 0 _aGates :
_bhow Microsoft's mogul reinvented an industry and made himself the richest man in America /
_c/ by: Simon and Schuster
250 _a1st Touchstone edition
260 _aNew York :
_bSimon and Schuster
_c1994.
300 _axiv, 541 p.
_bill.
_c24 cm.
365 _b14 usd
500 _a"A Touchstone book."
504 _aIncludes bibliographical references (p. [520]-522) and index.
600 1 0 _aGates, Bill,
_d1955-
610 2 0 _aMicrosoft Corporation
_xHistory.
650 0 _aBusinesspeople
_zUnited States
_xBiography.
650 0 _aBiography
_9237
650 0 _aComputer software industry
_zUnited States
_xHistory.
653 _aბიოგრაფია
700 1 _aAndrews, Paul,
_d1949-
856 4 2 _3Contributor biographical information
_uhttp://www.loc.gov/catdir/bios/simon051/93044519.html
856 4 2 _3Publisher description
_uhttp://www.loc.gov/catdir/description/simon033/93044519.html
856 4 1 _3Sample text
_uhttp://www.loc.gov/catdir/enhancements/fy0641/93044519-s.html
906 _a7
_bcbc
_corignew
_d1
_eocip
_f19
_gy-gencatlg
942 _2udc
_cBK
_e1
999 _c1228
_d1228